| Registos Bibliográficos associados ao registo de autoridade |
|
Etiqueta de registo: 00613nam 2200181 450 001 1317431 003 http://id.bnportugal.gov.pt/bib/catbnp/1317431 010 ## $a972-97706-1-1 021 ## $aPT$b193135/03 100 ## $a20050310d2003 k y0pory0103 ba 101 0# $apor 102 ## $aPT 105 ## $ay z 001yy 106 ## $ar 200 1# $aNos 10 anos da APA$eque futuro para a arqueologia profissional?$fcoord. Sérgio Carneiro$grev. Paulo Félix 205 ## $a1ª ed 210 #9 $aLisboa$cAPA-Associação Profissional de Arqueólogos$d2003 [D.L. 2005] 215 ## $a118 p.$d25 cm 606 ## $aArqueologia$yPortugal$xDebates$x[Actas]$2SIPOR$31257049 606 ## $aArqueólogos portugueses$xDebates$x[Actas]$2SIPOR$31257050 675 ## $a902(469)(042)$vBN$zpor$3590501 675 ## $a902-057(=1:469)$vBN$zpor$3953179 675 ## $a061.3$vBN$zpor$3292562 702 #1 $aCarneiro,$bSérgio$4340$3189482 702 #1 $aFélix,$bPaulo$4675$31229216 801 #0 $aPT$bUNLCSH$gRPC 966 ## $lBN$mFGMON$sH.G. 54131 V.$x1 966 ## $lBN$mFGMON$sH.G. 54131 V.-D $x1
Etiqueta de registo: 00953cam 2200313 450 001 531433 003 http://id.bnportugal.gov.pt/bib/catbnp/531433 005 19990103000000.0 010 ## $a972-37-0377-7 021 ## $aPT$b74025/94 095 ## $aPTBN00734484 100 ## $a19950530d1994 m y0pory0103 ba 101 0# $apor$deng 102 ## $aPT 105 ## $aa z 000yy 106 ## $ar 200 1# $aTrespassa-se$eboqueirão da praia da Galé 5$ffot. Álvaro Rosendo...[et al.]$gdes. Paula Jardim$gtrad. Sérgio Carneiro 210 #9 $aLisboa$cAssírio & Alvim$cLisboa 94,$d1994 215 ## $a[48] p.$cil.$d21x30 cm 225 2# $aArte e produção$v6 606 ## $2SIPOR$349452 675 ## $a73/76$vBN$zpor$3341414 702 #1 $aRosendo,$bÁlvaro, $f1960-$4600$3189480 702 #1 $aJardim,$bPaula$4440$3189481 702 #1 $aCarneiro,$bSérgio$4730$3189482 801 #0 $aPT$bBN$gRPC 966 ## $c2$lBN$mFGMON$sB.A. 13796 V.$x1 966 ## $c2$lBN$mFGMON$sB.A. 13796 V.$x1
Etiqueta de registo: 00000nam 2200025 450 001 2028354 003 http://id.bnportugal.gov.pt/bib/catbnp/2028354 010 ## $a978-989-8758-59-0 021 ## $aPT$b452527/19 100 ## $a20190903d2019 m y0pory01030103ba 101 0# $apor$aeng 102 ## $aPT 105 ## $aa b 000yy 106 ## $ar 200 1# $aFrancisco Tropa$e O pirgo de Chaves$dFrancisco Tropa$e the pyrgus from Chaves$ftextos Penelope Curtis, Sérgio Carneiro$gtrad. Rui Pires Cabral$gfot. Carlos Azevedo... [et al.]$zeng 210 #9 $a[S.l.$cs.n.],$d2019$g(Gráfica Maiadouro) 215 ## $a40 p.$cil.$d29 cm 305 ## $aEd. bilingue em português e inglês 510 1# $aFrancisco Tropa$e the pyrgus from Chaves$zenz 675 ## $a069.5(469.411)$vBN$zpor$3470784 675 ## $a7.038.5Tropa, Francisco(083.82)$vBN$zpor$31428945 675 ## $a7.038.5(=1:469)"19/20"(083.82)$vBN$zpor$31613038 702 #1 $aCurtis,$bPenelope$4070$31695807 702 #1 $aCarneiro,$bSérgio$4070$3189482 702 #1 $aCabral,$bRui Pires,$f1967-$4730$3178674 702 #1 $93$aAzevedo,$bCarlos$4600$3287300 801 #0 $aPT$bBN$gRPC 856 41 $uhttp://rnod.bnportugal.gov.pt/ImagesBN/winlibimg.aspx?skey=&doc=2028354&img=129638&save=true 900 ## $aBIBNAC$d20190916 966 ## $lBN$mFGMON$sP. 54051 V.$x1 966 ## $lBN$mFGMON$sP. 54051 V.-D$x1
Etiqueta de registo: 00254nam 2200025 450 001 2091532 003 http://id.bnportugal.gov.pt/bib/catbnp/2091532 010 ## $a978-989-33-2708-1 021 ## $aPT$b492918/21 100 ## $a20220204d2021 m d0pory01030103ba 101 0# $apor$aeng 102 ## $aPT 105 ## $aa b 000yy 106 ## $ar 200 1# $aTermas romanas Aqvae Flaviae$d The roman baths Aqvae Flaviae$fcoord. Pedro Sobral de Carvalho$gtexto Sérgio Carneiro$gtrad. Fernando Almeida$zeng 210 #9 $aChaves$cMunicípio de Chaves,$d2021 215 ## $a93, [3] p.$cil.$d19 cm 305 ## $aEd. bilingue em português e inglês 510 1# $a The roman baths Aqvae Flaviae$zeng 675 ## $a904(37)(429.202)$vBN$zpor$31835818 702 #1 $aCarvalho,$bPedro Sobral de$4340$362749 702 #1 $aCarneiro,$bSérgio$4070$3189482 702 #1 $910$aAlmeida,$bFernando$4730$31834135 801 #0 $aPT$bBN$gRPC 856 41 $uhttp://rnod.bnportugal.gov.pt/ImagesBN/winlibimg.aspx?skey=&doc=2091532&img=161257&save=true 900 ## $aBIBNAC$d20220223 966 ## $lBN$mFGMON$sH.G. 42248 P.$x1 966 ## $lBN$mFGMON$sH.G. 42248 P.-D$x1 971 ## $corlando$d20220204 972 ## $e1$z0$d20220223$vmsebas 973 ## $csteixeira$d20220218
|
|
|